| 000 | 00000nam 2200000zi 4500 |
| 001 | 9.950972 |
| 003 | CaOODSP |
| 005 | 20250509093230 |
| 006 | m o d f |
| 007 | cr |n||||||||| |
| 008 | 250509t19931993onc ob f000 0 eng d |
| 020 | |z0660151448 |
| 040 | |aCaOODSP|beng|erda|cCaOODSP |
| 043 | |an-cn--- |
| 086 | 1 |aSW45-1/1993E-PDF|zSW45-1/1993E |
| 110 | 1 |aCanada.|bCanadian Panel on Violence against Women, |eauthor, |eissuing body. |
| 245 | 10|aFinal report of the Canadian Panel on Violence Against Women. |
| 246 | 34|aChanging the landscape : |bending violence, achieving equality: final report |
| 264 | 1|a[Ottawa] : |bThe Canadian Panel on Violence Against Women, |c[1993] |
| 264 | 4|c©1993 |
| 300 | |a1 online resource (1 volume in various pagings) |
| 336 | |atext|btxt|2rdacontent |
| 337 | |acomputer|bc|2rdamedia |
| 338 | |aonline resource|bcr|2rdacarrier |
| 500 | |aIssued also in French under title: Rapport final du Comité canadien sur la violence faite aux femmes. |
| 500 | |aDigitized edition from print [produced by Library and Archives Canada]. |
| 504 | |aIncludes bibliographical references. |
| 650 | 0|aWomen|xCrimes against|zCanada. |
| 650 | 0|aWomen|xCrimes against|zCanada|xPrevention. |
| 650 | 0|aWomen|xViolence against|zCanada. |
| 650 | 0|aWomen|xViolence against|zCanada|xPrevention. |
| 650 | 0|aAbused women|xGovernment policy|zCanada. |
| 650 | 0|aVictims of crimes|xGovernment policy|zCanada. |
| 775 | 08|tRapport final du Comité canadien sur la violence faite aux femmes.|w(CaOODSP)9.950974 |
| 776 | 0#|tChanging the landscape: ending violence, achieving equality: final report / |w(CaOODSP)9.644675 |
| 856 | 40|qPDF|s328579 KB|uhttps://publications.gc.ca/collections/collection_2025/fegc-wage/SW45-1-1993-eng.pdf |